000 01266nam a2200325 c 4500
003 BLK
005 20250729143127.0
008 180410b bul|||||r ||||||| ||bul||
020 _a9786191504459
040 _aBLK
041 _aBUL
_cBUL
080 _aАнглийска литература
_b821.111
_x-312.4
_z821.111-312.4
100 _aГалбрейт, Робърт
_gРоулинг, Джоан К.
_9330896
139 _aГалбрейт, Робърт
_bГ 18
245 1 0 _aКопринената буба
_bРоман
_cРобърт Галбрейт; прев. от англ. Надя Баева.
257 _aGBR
260 _bКолибри
_c2014
_fСофия : Симолини
_aСофия
300 _a495 с.
_c21 см
380 _aX
500 _aОриг. загл. The Silkworm / Robert Galbraith. - Робърт Галбрейт е псевд. на Джоан К. Роулинг.
700 _aБаева, Надя Димитрова
_eпрев. от англ.
_9383768
852 _aЦб 272086
856 4 _qpdf
856 4 _qpdf
942 _cKNG
_n0
_0100
944 _aCR
_c09.01.2015
_lЦветомила Тодорова
_k30576
944 _aED
_c24.02.2017
_lф /
_kЛюдмила_Стоянова
999 _c161955
_d161955
999 _d161955
999 _d161955